Ligne J du Transilien - Statistiques

Statistiques générales
  • Ce quiz a été pris 515 fois
  • Le résultat moyen est 27 sur 54
Statistiques - réponses
n gares correspondances % Correct
6 (séparation EB/G/MJ) Argenteuil
87%
1 (séparation EB/G/MJ/VG) Paris-Saint-Lazare RER ETransilien L M 3 12 13 14
86%
41 Mantes-la-Jolie Transilien N
79%
41 Mantes-la-Jolie Transilien N
79%
2 (vers EB/G/MJ) Asnières-sur-Seine Transilien L
75%
4 Colombes
75%
8 Ermont - Eaubonne RER CTransilien H
74%
9 Val-d'Argenteuil
73%
3 Bois-Colombes
71%
16 Pontoise RER CTransilien H
71%
5 Le Stade
70%
28 (vers MJ) Conflans-Fin-d'Oise RER ATransilien L
66%
13 (séparation G/MJ) Conflans-Sainte-Honorine
65%
27 Gisors
65%
43 Poissy RER A
65%
7 (vers EB) Sannois
65%
12 Herblay
62%
10 Cormeilles-en-Parisis
61%
40 Mantes-Station
60%
40 Mantes-Station
60%
42 (vers VG) Houilles - Carrières-sur-Seine RER ATransilien L
54%
47 Les Mureaux
52%
20 Us
49%
11 La Frette - Montigny
48%
17 Osny
47%
52 Vernon - Giverny
47%
30 Andrésy
46%
31 Chanteloup-les-Vignes
44%
32 Triel-sur-Seine
44%
45 Vernouillet - Verneuil
44%
38 Issou - Porcheville
43%
18 Boissy-l'Aillerie
42%
49 Epône - Mézières Transilien N
42%
14 (vers G) Eragny - Neuville
42%
39 Limay
41%
46 Les Clairières de Verneuil
39%
29 Maurecourt
39%
15 Saint-Ouen-l'Aumône-Quartier de l'Eglise
39%
48 Aubergenville-Elisabethville
38%
34 Thun-le-Paradis
37%
37 Gargenville
36%
35 Meulan - Hardricourt
36%
33 Vaux-sur-Seine
36%
44 Villennes-sur-Seine
36%
22 Chars
35%
36 Juziers
35%
50 Rosny-sur-Seine
35%
51 Bonnières
34%
26 Trie-Château
30%
25 Chaumont-en-Vexin
29%
19 Montgeroult - Courcelles
27%
21 Santeuil - Le Perchay
27%
23 Lavilletertre
25%
24 Liancourt-Saint-Pierre
24%
Aucun quiz correspondant
Distribution des résultats
% des personnes avec chaque résultat
Percentile par nombre de réponses
Votre historique - résultats
Vous n’avez pas pris ce quiz